<?xml version="1.0" encoding="UTF-8"?><?xml-stylesheet type="text/xsl" href="static/style.xsl"?><OAI-PMH xmlns="http://www.openarchives.org/OAI/2.0/" xmlns:xsi="http://www.w3.org/2001/XMLSchema-instance" xsi:schemaLocation="http://www.openarchives.org/OAI/2.0/ http://www.openarchives.org/OAI/2.0/OAI-PMH.xsd"><responseDate>2026-06-03T07:33:38Z</responseDate><request verb="GetRecord" identifier="oai:riuma.uma.es:10630/40989" metadataPrefix="marc">https://riuma.uma.es/rest/oai/request</request><GetRecord><record><header><identifier>oai:riuma.uma.es:10630/40989</identifier><datestamp>2026-02-03T10:58:53Z</datestamp><setSpec>com_10630_2254</setSpec><setSpec>col_10630_37953</setSpec></header><metadata><record xmlns="http://www.loc.gov/MARC21/slim" xmlns:dcterms="http://purl.org/dc/terms/" xmlns:doc="http://www.lyncode.com/xoai" xmlns:xsi="http://www.w3.org/2001/XMLSchema-instance" xsi:schemaLocation="http://www.loc.gov/MARC21/slim http://www.loc.gov/standards/marcxml/schema/MARC21slim.xsd">
   <leader>00925njm 22002777a 4500</leader>
   <datafield ind2=" " ind1=" " tag="042">
      <subfield code="a">dc</subfield>
   </datafield>
   <datafield ind2=" " ind1=" " tag="720">
      <subfield code="a">Muñoz-Guerra, Daniel Jesús</subfield>
      <subfield code="e">author</subfield>
   </datafield>
   <datafield ind2=" " ind1=" " tag="720">
      <subfield code="a">Pinto-Alarcón, Mónica</subfield>
      <subfield code="e">author</subfield>
   </datafield>
   <datafield ind2=" " ind1=" " tag="720">
      <subfield code="a">Fuentes-Fernández, Lidia</subfield>
      <subfield code="e">author</subfield>
   </datafield>
   <datafield ind2=" " ind1=" " tag="260">
      <subfield code="c">2018-06-18</subfield>
   </datafield>
   <datafield ind2=" " ind1=" " tag="520">
      <subfield code="a">The impact of energy consumption on the environment and the economy is raising awareness of “green” software engineering. HADAS is an eco-assistant that makes developers aware of the influence of their designs and implementations on the energy consumption and performance of the final product. In this paper, we extend HADAS to better support the requirements of users: researchers, automatically dumping the energy-consumption of different software solutions; and developers, who want to perform a sustainability analysis of different software solutions. This analysis has been extended by adding Pearson’s chi-squared differentials and Bootstrapping statistics, to automatically check the significance of correlations of the energy consumption, or the execution time, with any other variable (e.g., the number of users) that can influence the selection of a particular eco-efficient configuration. We have evaluated our approach by performing a sustainability analysis of the most common web servers (i.e. PHP servers) using the time and energy data measured with the Watts Up? Pro tool previously dumped in HADAS. We show how HADAS helps web server providers to make a trade-off between energy consumption and execution time, allowing them to sell different server configurations with different costs without modifying the hardware.</subfield>
   </datafield>
   <datafield ind1="8" ind2=" " tag="024">
      <subfield code="a">Munoz, DJ., Pinto, M. &amp; Fuentes, L. Finding correlations of features affecting energy consumption and performance of web servers using the HADAS eco-assistant. Computing 100, 1155–1173 (2018). https://doi.org/10.1007/s00607-018-0632-7</subfield>
   </datafield>
   <datafield ind1="8" ind2=" " tag="024">
      <subfield code="a">https://hdl.handle.net/10630/40989</subfield>
   </datafield>
   <datafield ind1="8" ind2=" " tag="024">
      <subfield code="a">10.1007/s00607-018-0632-7</subfield>
   </datafield>
   <datafield tag="653" ind2=" " ind1=" ">
      <subfield code="a">Energía - Conservación</subfield>
   </datafield>
   <datafield tag="653" ind2=" " ind1=" ">
      <subfield code="a">Servidores Web</subfield>
   </datafield>
   <datafield ind2="0" ind1="0" tag="245">
      <subfield code="a">Finding Correlations of Features Affecting Energy Consumption and Performance of Web Servers Using the HADAS Eco-Assistant.</subfield>
   </datafield>
</record>
</metadata></record></GetRecord></OAI-PMH>